000
00287nam a2200109Ia 4500
008
171211s9999 xx 000 0 und d
245
_a
Baguazhang Volume 1
245
_c
Erle Montaigue
260
_c
2004
650
_x
Martial Arts
856
_u
http://down.ebook777.com/054/0949132079.pdf
999
_c
348246
_d
348246